[Event "NCA-chT"]
[Site "Managua"]
[Date "2015.11.29"]
[Round "9.4"]
[White "Cruz, Ramon"]
[Black "Mendez, Paulino"]
[Result "0-1"]
[WhiteElo "1660"]
[BlackElo "1758"]
[PlyCount "72"]
[EventDate "2015.11.14"]
[EventType "team-tourn"]
[EventRounds "9"]
[EventCountry "NCA"]
[SourceTitle "EXT 2018"]
[Source "ChessBase"]
[SourceDate "2017.10.13"]
[SourceVersion "1"]
[SourceVersionDate "2017.10.13"]
[SourceQuality "1"]
[WhiteTeam "Bravos Farem Carazo"]
[BlackTeam "Joaking Cuadra"]
[WhiteTeamCountry "NCA"]
[BlackTeamCountry "NCA"]

1. e4 e6 2. d4 d5 3. exd5 exd5 4. c4 Qe7+ 5. Qe2 dxc4 6. Qxe7+ Bxe7 7. Bxc4 Nf6 8. Nf3 0-0 9. 0-0 Nbd7 10. Re1 Bd6 11. Nc3 Nb6 12. Bb3 h6 13. Ne5 c6 14. h3 Bf5 15. g4 Be6 16. Bxe6 fxe6 17. g5 hxg5 18. Bxg5 Nbd5 19. Rac1 Nh5 20. Re4 Nhf4 21. Bxf4 Nxf4 22. Re3 c5 23. Nb5 cxd4 24. Nxd4 Bxe5 25. Rxe5 Nd3 26. Rce1 Nxe1 27. Rxe1 Rf6 28. Rxe6 Rxe6 29. Nxe6 Re8 30. Nd4 Re1+ 31. Kg2 Rd1 32. Nb5 a6 33. Nc3 Rd2 34. Na4 b5 35. Nc5 Rxb2 36. Nxa6 Rxa2 0-1

[Event "NCA-chT"]
[Site "Managua"]
[Date "2015.11.14"]
[Round "1.4"]
[White "Granados Diaz, Maria Esther"]
[Black "Cruz, Ramon"]
[Result "0-1"]
[WhiteElo "1856"]
[BlackElo "1660"]
[PlyCount "54"]
[EventDate "2015.11.14"]
[EventType "team-tourn"]
[EventRounds "9"]
[EventCountry "NCA"]
[SourceTitle "EXT 2018"]
[Source "ChessBase"]
[SourceDate "2017.10.13"]
[SourceVersion "1"]
[SourceVersionDate "2017.10.13"]
[SourceQuality "1"]
[WhiteTeam "Joaquin Hurtado"]
[BlackTeam "Bravos Farem Carazo"]
[WhiteTeamCountry "NCA"]
[BlackTeamCountry "NCA"]

1. e4 c5 2. Nf3 Nc6 3. d4 cxd4 4. Nxd4 d6 5. Nc3 g6 6. Be3 Bg7 7. Qd2 Nf6 8. f3 0-0 9. 0-0-0 a6 10. g4 Ne5 11. Bh6 b5 12. Bxg7 Kxg7 13. h4 h5 14. Be2 Rh8 15. Rdg1 hxg4 16. Nd5 gxf3 17. Nxf3 Bb7 18. Ng5 Bxd5 19. exd5 Qb6 20. h5 Nxh5 21. Rg2 Nf4 22. Rgg1 Qf2 23. Rf1 Nxe2+ 24. Kd1 Rxh1 25. Rxh1 Rh8 26. Re1 Rh2 27. Qxe2 Qd4+ 0-1